00838nam a2200241Ia 4500001000700000003000500007008004100012010001100053040000900064082001800073100006400091245010400155260003700259300000900296440000500305500000500310503000500315650017600320650001400496650002800510650002900538650002900567Z_1415CHAP220113s1985 xx 000 0 und d a164504 cCHAP a636.080913 S5 aSimposium de Ganadería Tropical (4: 1985: Veracruz, Ver.) aForrajes tropicales : memorias /cpor INIFAP. Centro de Investigaciones Pecuarias del Golfo Centro aMéxico :bEl Instituto,c1985 a72 p a a a aAlimentos y alimentación del ganado I. Asociación de Médicos Veterinarios Zootecnistas. Veracruz, Ver. II. Unión Ganadera Regional Zona Centro del Edo. de Veracruz aForrajes  aGanaderíaxCongresos  aGanaderíaxTrópicos  aTrópicosxGanadería